Sports Quiz

Random Sports or Clickable Quiz
Score 0/27 Timer 04:00
14 Plays Today
% Correct
Arsenal
97.8%
Manchester United
95.3%
Manchester City
95.3%
Liverpool
94.5%
Chelsea
93.1%
Leicester City
92.8%
Tottenham Hotspur
89.7%
Everton
89.1%
Aston Villa
88.6%
Newcastle United
88.1%
West Ham United
79.8%
Leeds United
79.7%
Blackburn Rovers
79%
Nottingham Forest
62%
% Correct
Fulham
59%
Bolton Wanderers
53.1%
Norwich City
48.4%
Queens Park Rangers
48%
Portsmouth
47.5%
Sheffield Wednesday
47.1%
Hull City
38.8%
Ipswich Town
38.2%
Wimbledon
37.1%
Wigan Athletic
35.9%
Huddersfield Town
34.6%
Charlton Athletic
32.7%
Coventry City
30.2%
Remove Ads.
Support Sporcle.
Get the best of Sporcle when you Go Orange. This ad-free experience offers more features, more stats, and more fun while also helping to support Sporcle. Thank you for becoming a member.

You're not logged in!

Compare scores with friends on all Sporcle quizzes.
OR
Log In

Sporcle TV

Today on Sporcle TV


Watch our educational content, quiz creation guides, and fun videos on Sporcle TV.

Show Comments

Extras

Top Quizzes Today


Score Distribution

Paid Content

Your Account Isn't Verified!

In order to create a playlist on Sporcle, you need to verify the email address you used during registration. Go to your Sporcle Settings to finish the process.

Report this User

Report this user for behavior that violates our Community Guidelines.

Details: